Normal view MARC view
  • Piezoelectric transducers

Entry Topical Term

Number of records used in: 1

001 - CONTROL NUMBER

  • control field: 83160

003 - CONTROL NUMBER IDENTIFIER

  • control field: NUST

005 - DATE AND TIME OF LATEST TRANSACTION

  • control field: 20211014162139.0

008 - FIXED-LENGTH DATA ELEMENTS

  • fixed length control field: 211014|| aca||aabn | a|a d

040 ## - CATALOGING SOURCE

  • Original cataloging agency: NUST
  • Transcribing agency: NUST

150 ## - HEADING--TOPICAL TERM

  • Topical term or geographic name entry element: Piezoelectric transducers

670 ## - SOURCE DATA FOUND

  • Source citation: Work cat.: (NUST)31944: Preumont, André. 83030, Mechatronics :, c2006.
© 2023 Central Library, National University of Sciences and Technology. All Rights Reserved.